The encyclopedia of spectroscopy (Record no. 1978)

MARC details
000 -LEADER
fixed length control field 00535nam a2200181Ia 4500
003 - CONTROL NUMBER IDENTIFIER
control field IN-BaIIA
008 - FIXED-LENGTH DATA ELEMENTS--GENERAL INFORMATION
fixed length control field 211028s9999 xx 000 0 eng d
040 ## - CATALOGING SOURCE
Transcribing agency IIA Library
080 ## - UNIVERSAL DECIMAL CLASSIFICATION NUMBER
Universal Decimal Classification number 535.33(03)
Item number CLA
245 #4 - TITLE STATEMENT
Title The encyclopedia of spectroscopy
Statement of responsibility, etc. edited by George Clark
260 ## - PUBLICATION, DISTRIBUTION, ETC.
Place of publication, distribution, etc. New York
Name of publisher, distributor, etc. Reinhold Publishing
Date of publication, distribution, etc. 1960
300 ## - PHYSICAL DESCRIPTION
Extent xvi, 787p.
650 ## - SUBJECT ADDED ENTRY--TOPICAL TERM
Topical term or geographic name entry element Absorption spectroscopy
9 (RLIN) 1788
650 ## - SUBJECT ADDED ENTRY--TOPICAL TERM
Topical term or geographic name entry element Astronomy and Astrophysics thesaurus
650 ## - SUBJECT ADDED ENTRY--TOPICAL TERM
Topical term or geographic name entry element Spectroscopy
9 (RLIN) 1535
700 ## - ADDED ENTRY--PERSONAL NAME
Personal name Clark, George, ed.
9 (RLIN) 3744
942 ## - ADDED ENTRY ELEMENTS (KOHA)
Koha item type Books
Holdings
Withdrawn status Lost status Damaged status Not for loan Home library Current library Shelving location Date acquired Cost, normal purchase price Total Checkouts Full call number Barcode Date last seen Cost, replacement price Price effective from Koha item type Purchase Price
        IIA Library-Bangalore IIA Library-Bangalore General Stacks   112.50   535.33(03)/ CLA 2222 05/11/2021 112.50   Books Rs. 112.50

Powered by Koha